000 00482ntaaa2200181 4500
003 01
005 20251027201251.0
008 0714s1973 ag 01
040 _aAR-BaBN
_bspa
_cAR-BaBN
_eaacr
_dRIC
082 _a220.9300 R64
100 _aRolla, Armando
_910839
245 _aBiblia frente a los últimos descubrimientos
250 _a3 ed. :
_bEdiciones Paulinas,
_c1961
300 _a422 p.
500 _a(Orientaciones bíblicas 3)
650 _aArqueología
_95159
942 _cBK
999 _c7042
_d7042